000
00332nam a2200145Ia 4500
100
_a
Norton/P/ Socha/J
942
_c
BK
654
_a
IBM Pc
245
_a
Assembly Language Book for The IBM PC
260
_b
Prentice Hall of India
_a
New York
_c
1986
082
_a
1.6
_b
Nor/Soc
300
_a
416
546
_a
ENGLISH
999
_c
21952
_d
21952